00543 2200217 4500001002100000005001500021035002000036007000300056008004100059020001800100082001100118084001700129100001100146245003100157250001800188260003000206300003900236650002100275505001200296990001700308INLIS00000000000999920260511023247 a0010-0526000031ta260511 g 0 ind  a979-547-222-4 a571.96 a571.96 SUB i0 aSubowo1 aImunologi Klinik /cSubowo a1, Cet. Ke-10 aBandung :bAngkasa,c1993 axiii, 265 hlm :bilus. ;c14x21 cm 4aImunologi Klinik ahlm.265 a202500223298